Wird geladen...

Inspector Matadeen on the Moon

Bibliographische Detailangaben
1. Verfasser: Parsai,Harishankar
Format: Printed Book
Veröffentlicht: Newdelhi Katha 2003
LEADER 00407nam a22001337a 4500
020 |a 9788187649762 
082 |a 823  |b PAR/IN 
100 |a Parsai,Harishankar 
245 |a Inspector Matadeen on the Moon 
260 |a Newdelhi  |b Katha  |c 2003 
300 |a 165p. 
942 |c BK 
999 |c 12338  |d 12338 
952 |0 0  |1 0  |4 0  |6 823_000000000000000_PAR_IN  |7 0  |8 FIC  |9 16403  |a KUFOS  |b KUFOS  |c FIC  |d 2016-09-28  |o 823 PAR/IN  |p 12460  |r 2016-09-28  |y BK